The sixth great oriental monarchy or The geography, history & antiquites of Parthia ... / (Record no. 162988)

MARC details
000 -LEADER
campo de control de longitud fija 00604nam a2200157 i 4500
001 - NÚMERO DE CONTROL
campo de control 162988
003 - IDENTIFICADOR DE NÚMERO DE CONTROL
campo de control ES-MaACL
005 - FECHA Y HORA DE LA ÚLTIMA TRANSACCIÓN
campo de control 20230906212637.0
008 - DATOS DE LONGITUD FIJA--INFORMACIÓN GENERAL
campo de control de longitud fija 050707s1873 xxka | |||||||| ||eng d
040 ## - FUENTE DE CATALOGACIÓN
Centro catalogador/agencia de origen CAM
Lengua de catalogación spa
Centro/agencia transcriptor CAM
100 1# - ENTRADA PRINCIPAL--NOMBRE DE PERSONA
Nombre de persona Rawlinson, George.
9 (RLIN) 95610
245 14 - MENCIÓN DEL TÍTULO
Título The sixth great oriental monarchy or The geography, history & antiquites of Parthia ... /
Mención de responsabilidad, etc. by George Rawlinson.
260 ## - PUBLICACIÓN, DISTRIBUCIÓN, ETC.
Lugar de publicación, distribución, etc. London :
Nombre del editor, distribuidor, etc. Longmans, Green and co.,
Fecha de publicación, distribución, etc. 1873 (
Fabricante printed by Spottiswood and co.)
300 ## - DESCRIPCIÓN FÍSICA
Extensión XIII, 458 p., [1] h. de lám., [2] h. pleg. de mapa ;
Dimensiones 23 cm.
852 ## - LOCALIZACIÓN
Ubicación ES-MaACL
Número de control de estantería G-11511
Nota libre -- Enc. tela
Holdings
Estatus retirado Estado de pérdida Estado de daño No para préstamo Colección Biblioteca de origen Biblioteca actual Ubicación en estantería Fecha de adquisición Fuente de adquisición Total de préstamos Signatura topográfica completa Código de barras Visto por última vez Precio de reemplazo Tipo de ítem Koha
        Libros del s. XIX Biblioteca del Ateneo de Madrid Biblioteca del Ateneo de Madrid Sala Pecera Planta 3 17/01/2008     G-11511 1170769 23/02/2023 23/02/2023 Libro impreso antiguo